000 01440nam0a22003491 4500
001 rc\4023878
005 20240417184005.0
021 _aRU
_b[51-29945]
035 _a(NLR Aleph) 008088096
090 _a9165892
_c9165892
100 _a20130415d1951 |||y0rusy50 ca
101 1 _arus
_caze
102 _aRU
105 _aa z |||a|
200 1 _aАпшерон
_eРоман
_fПер. с азерб. Мир-Джабара и А. Садовского
_g[Послесл. Ю. Либединского]
_gРис. А. Лурье
210 _aМосква
_aЛенинград
_cДетгиз
_d1951
215 _a296 с.
_cил.
_d21
225 1 _aШкольная библиотека
_i[Для средней школы]
606 _aПатриотизм советского народа (д. л.)
_2psbo
606 _aНефтяные промыслы
_yБаку (д. л.)
_2psbo
606 _aНефтяники (д. л.)
_2psbo
700 1 _aГусейн
_bМ. А.
_f1909-1965
_gМехти Алиевич
702 0 _aМир-Джабар
_4730
702 1 _aСадовский
_bА.
_4730
702 1 _aЛибединский
_bЮ.
_4570
702 1 _aЛурье
_bА. А.
_cхудожник-иллюстратор
_f1916-1990
_gАркадий Александрович
_3RU\NLR\AUTH\7788947
_4440
801 0 _aRU
_bNLR
_gpsbo
801 1 _aRU
_bELAR
_2rusmarc
852 _aNLR
_jДл02 Г-3/1043
942 _cBOOK
980 _aNB